000 00332nam a2200133Ia 4500
008 210312s9999||||xx |||||||||||||| ||und||
041 _aosm
050 _aDR576
050 _bS25.T37
100 _aAhmed Saib
245 0 _aTarih-i Sultan Murad-ı Hamis
260 _c1322
650 _aTarih--Türkiye--Osmanlı devleti--19. yüzyıl
999 _c22221
_d22221